[Event "Mondiale Semilampo 2016"]
[Site "Doha QAT"]
[Date "2016.12.26"]
[Round "2.30"]
[White "Neelotpal, Das"]
[Black "Naiditsch, Arkadij"]
[Result "0-1"]
[WhiteTitle "GM"]
[BlackTitle "GM"]
[WhiteElo "2463"]
[BlackElo "2687"]
[WhiteFideId "5003512"]
[BlackFideId "4650891"]
[EventDate "2016.12.26"]

1. e4 c5 2. Nf3 Nc6 3. Bb5 Nf6 4. d3 Qa5+ 5. Nc3 Nd4 6. Bc4 b5 7. Bb3 Nxb3 8.
cxb3 Bb7 9. Bd2 b4 10. Na4 d6 11. O-O e5 12. Bg5 Be7 13. Nh4 h6 14. Be3 Bc8 15.
h3 g5 16. Nf5 Bxf5 17. exf5 Qb5 18. a3 a5 19. axb4 axb4 20. Re1 Rd8 21. Rc1 Kf8
22. Rc4 Qb7 23. h4 Nd7 24. Rg4 gxh4 25. Qc1 h5 26. Bh6+ Ke8 27. Rg7 Bf6 28. Re4
Qd5 29. f4 Qxd3 30. fxe5 Bxg7 31. Bxg7 Qxe4 32. Bxh8 dxe5 33. Qh6 Qxf5 34. Bg7
Qb1+ 35. Kh2 Qg6 0-1

[Event "Mondiale Semilampo 2016"]
[Site "Doha QAT"]
[Date "2016.12.26"]
[Round "2.31"]
[White "Howell, David W L"]
[Black "Maghsoodloo, Parham"]
[Result "1-0"]
[WhiteTitle "GM"]
[BlackTitle "GM"]
[WhiteElo "2644"]
[BlackElo "2584"]
[WhiteFideId "410608"]
[BlackFideId "12539929"]
[EventDate "2016.12.26"]

1. e4 e5 2. Nf3 d6 3. d4 Nf6 4. Nc3 Nbd7 5. Bc4 Be7 6. O-O c6 7. a4 a5 8. Re1
O-O 9. h3 Qc7 10. Be3 Nb6 11. Ba2 Nfd7 12. Qe2 Bf6 13. d5 Be7 14. Rad1 Nf6 15.
Nd2 Bd7 16. Nc4 Nxc4 17. Qxc4 Rac8 18. Qb3 cxd5 19. Bb6 Qb8 20. Nxd5 Nxd5 21.
Rxd5 Be6 22. Qd3 Bxd5 23. Bxd5 Bd8 24. Be3 Kh8 25. Ra1 h6 26. Ra3 Qc7 27. c3 Bg5
28. Rb3 Bxe3 29. Qxe3 Rb8 30. Qb6 Qd7 31. Qxa5 Ra8 32. Qb5 Qxb5 33. Rxb5 Rxa4
34. Rxb7 f5 35. exf5 Rxf5 36. Rb8+ Kh7 37. f3 g6 38. Rb7+ Kh8 39. Rb8+ Kg7 40.
Rb7+ Kf8 41. Rb8+ Ke7 42. Rb7+ Kd8 43. Rb8+ Kc7 44. Rb7+ Kd8 45. Rb8+ Kc7 46.
Rh8 h5 47. Rh7+ Kd8 48. b4 Ra3 49. b5 Ra1+ 50. Kh2 Rb1 51. c4 Rb2 52. h4 Rf4 53.
Kh3 Rd4 54. Rg7 Rdd2 55. Rxg6 Kc7 56. Kh2 Rd4 57. Rg7+ Kb6 58. Rb7+ Kc5 59. Rc7+
Kb4 60. b6 Kc3 61. b7 Rxd5 62. cxd5+ Kd4 63. Kh3 Rb3 64. g4 e4 65. gxh5 e3 66.
h6 e2 67. Re7 Rxb7 68. Rxe2 Rh7 69. Kg4 Rxh6 70. Re6 Rh7 71. Rxd6 Ke5 72. Rd8
Rg7+ 73. Kh5 Rg3 74. Kh6 Rxf3 75. h5 Rg3 76. Kh7 Kf6 77. h6 Rg5 78. Rd7 Rh5 79.
Kg8 Rg5+ 80. Kf8 1-0

[Event "Mondiale Semilampo 2016"]
[Site "Doha QAT"]
[Date "2016.12.26"]
[Round "2.32"]
[White "Hirneise, Tobias"]
[Black "Najer, Evgeniy"]
[Result "0-1"]
[WhiteTitle "IM"]
[BlackTitle "GM"]
[WhiteElo "2466"]
[BlackElo "2679"]
[WhiteFideId "24600881"]
[BlackFideId "4118987"]
[EventDate "2016.12.26"]

1. d4 d5 2. c4 c6 3. Nf3 Nf6 4. Nc3 dxc4 5. a4 Bf5 6. Ne5 Nbd7 7. Nxc4 Nb6 8.
Ne5 a5 9. e3 Nbd7 10. Qb3 Nxe5 11. dxe5 Nd7 12. Qxb7 Nxe5 13. e4 Be6 14. Bf4 Rb8
15. Qa7 f6 16. Rd1 Qb6 17. Qxb6 Rxb6 18. Rd2 Bb3 19. Be2 e6 20. Bxe5 fxe5 21.
Bd1 Bc5 22. Bxb3 Rxb3 23. O-O O-O 24. Rc2 Ba7 25. Nd1 Rc8 26. Rc4 Bd4 27. Re1 c5
28. Re2 Rd3 29. Ne3 Rb8 30. h4 Rdb3 31. Rcc2 R8b4 32. Nc4 Rxa4 33. Kh2 Ra1 34.
Nd2 Rd3 35. Nf3 Rxf3 36. gxf3 Kf7 37. Kg2 a4 38. Red2 Ra2 39. Kg3 Kg6 40. Kg4
Ra1 41. f4 Rg1+ 42. Kf3 exf4 43. Kxf4 Kh5 44. Rc4 Ra1 45. Rdc2 Kxh4 46. Rc1 g5+
47. Kf3 g4+ 48. Kg2 Rxc1 49. Rxc1 Kg5 50. Ra1 Bxb2 51. Rxa4 h5 52. f3 Bd4 53.
Ra6 e5 54. Ra8 Kf4 55. Rf8+ Ke3 56. fxg4 hxg4 57. Rg8 c4 58. Kg3 c3 59. Kxg4 c2
60. Rc8 Kd2 0-1

[Event "Mondiale Semilampo 2016"]
[Site "Doha QAT"]
[Date "2016.12.26"]
[Round "2.33"]
[White "Vitiugov, Nikita"]
[Black "Debashis, Das"]
[Result "1-0"]
[WhiteTitle "GM"]
[BlackTitle "GM"]
[WhiteElo "2726"]
[BlackElo "2472"]
[WhiteFideId "4152956"]
[BlackFideId "5024854"]
[EventDate "2016.12.26"]

1. d4 Nf6 2. Bg5 d5 3. e3 e6 4. c4 Be7 5. Nc3 O-O 6. Nf3 Nbd7 7. Rc1 h6 8. Bh4
c6 9. Bd3 b6 10. O-O Bb7 11. Qe2 Rc8 12. cxd5 Nxd5 13. Bg3 Nb4 14. Bc4 b5 15.
Bb3 Qb6 16. Ne5 Nf6 17. a3 Nbd5 18. Bxd5 exd5 19. Bh4 Qd8 20. Nb1 Re8 21. Nd2
Rc7 22. Nb3 g5 23. Bg3 Ne4 24. Qh5 Bf8 25. Ng4 Rce7 26. Nc5 Bc8 27. Nxh6+ Kg7
28. Nxe4 Rxe4 1-0

[Event "Mondiale Semilampo 2016"]
[Site "Doha QAT"]
[Date "2016.12.26"]
[Round "2.34"]
[White "Karjakin, Sergey"]
[Black "Potapov, Pavel"]
[Result "1-0"]
[WhiteTitle "GM"]
[BlackTitle "GM"]
[WhiteElo "2785"]
[BlackElo "2493"]
[WhiteFideId "14109603"]
[BlackFideId "4169786"]
[EventDate "2016.12.26"]

1. e4 d5 2. exd5 Qxd5 3. Nc3 Qd6 4. d4 Nf6 5. Nf3 g6 6. Nb5 Qb6 7. Na3 Be6 8. c3
Bg7 9. Nc4 Bxc4 10. Bxc4 O-O 11. O-O Nbd7 12. a4 a5 13. Qc2 c6 14. Bg5 e6 15.
Rae1 Nd5 16. h4 N7f6 17. Ne5 Qc7 18. Qe2 Ne8 19. Bc1 Nd6 20. Bd3 Nf5 21. h5 c5
22. dxc5 Rad8 23. Bb5 Qxc5 24. hxg6 hxg6 25. Nd7 Rxd7 26. Bxd7 Ng3 27. Qb5 Qxb5
28. Bxb5 Nxf1 29. Kxf1 Rd8 30. Ke2 Bf6 31. Rd1 Kg7 32. Bd2 b6 33. Bc4 Kf8 34.
Rh1 Ke8 35. Bd3 Ke7 36. Rh7 Rg8 37. g3 Be5 38. Bc2 g5 39. Rh5 f6 40. Rh7+ Kd6
41. Bd3 Rc8 42. Bb5 Rc7 43. Rh8 Rg7 44. Rc8 Rc7 45. Rb8 Ke7 46. Rh8 Kd6 47. Bd3
Rg7 48. Bc4 Kc7 49. Ra8 Kc6 50. Re8 Kd7 51. Bb5+ Kd6 52. Bc4 Kd7 53. Ra8 Kc6 54.
Kd3 Re7 55. b4 Kb7 56. Bxd5+ exd5 57. Rd8 Kc6 58. b5+ Kc7 59. Rxd5 Rh7 60. Bxg5
Rh1 61. Be3 Rd1+ 62. Kc4 Ra1 63. Kb3 Rb1+ 64. Kc2 Ra1 65. f4 1-0

[Event "Mondiale Semilampo 2016"]
[Site "Doha QAT"]
[Date "2016.12.26"]
[Round "2.35"]
[White "Melkumyan, Hrant"]
[Black "Atabayev, Maksat"]
[Result "1-0"]
[WhiteTitle "GM"]
[BlackTitle "GM"]
[WhiteElo "2633"]
[BlackElo "2492"]
[WhiteFideId "13302485"]
[BlackFideId "14001101"]
[EventDate "2016.12.26"]

1. Nf3 Nf6 2. c4 e6 3. g3 d5 4. b3 Be7 5. Bg2 O-O 6. O-O c5 7. cxd5 Nxd5 8. Bb2
Bf6 9. d4 cxd4 10. Nxd4 Nc6 11. Nxc6 bxc6 12. Bxf6 Qxf6 13. Nd2 Ba6 14. Re1 Qe7
15. Qc2 c5 16. Rac1 Rac8 17. Qb2 f5 18. Nc4 f4 19. Qe5 Rcd8 20. Bf3 Rf6 21. Na5
Bb5 22. Rcd1 Qf7 23. Nc4 Bc6 24. Nd6 Qe7 25. Ne4 Rh6 26. Qg5 Qf8 27. Bg2 Rc8 28.
Qe5 Ba8 29. Rc1 Rg6 30. Red1 Kh8 31. Qd6 Qf5 32. Rxc5 Rf8 33. Rdc1 fxg3 34. hxg3
Nb6 35. Rxf5 1-0

[Event "Mondiale Semilampo 2016"]
[Site "Doha QAT"]
[Date "2016.12.26"]
[Round "2.38"]
[White "Amonatov, Farrukh"]
[Black "Salinas Herrera, Pablo"]
[Result "1-0"]
[WhiteTitle "GM"]
[BlackTitle "IM"]
[WhiteElo "2620"]
[BlackElo "2466"]
[WhiteFideId "14700077"]
[BlackFideId "3407128"]
[EventDate "2016.12.26"]

1. e4 c5 2. Nf3 d6 3. d4 cxd4 4. Nxd4 Nf6 5. Nc3 a6 6. h3 e6 7. g4 h6 8. Bg2 Be7
9. Be3 Nc6 10. f4 Nd7 11. O-O Nxd4 12. Qxd4 O-O 13. Rad1 Rb8 14. Qd2 b5 15. Ba7
Rb7 16. Bd4 b4 17. Ne2 e5 18. Be3 a5 19. c4 Rc7 20. b3 Bb7 21. Ng3 Nc5 22. Qe2
exf4 23. Bxf4 Ne6 24. Be3 Rd7 25. Nf5 Bf6 26. Qf2 Be5 27. h4 Re8 28. Rfe1 Nf8
29. g5 hxg5 30. Bxg5 Qa8 31. h5 Bc6 32. Rd3 Nh7 33. Bf4 f6 34. h6 Bc3 35. Ree3
g6 36. Nxd6 Re6 37. Bh3 Rdxd6 38. Bxd6 Rxe4 39. Bc7 Bd4 40. Rxd4 Rxd4 41. Re1
Rd3 42. Be6+ Kh8 43. c5 Qf8 44. Bf4 Rf3 45. Qd4 g5 46. Bh2 Qxh6 47. Qd6 Qh4 48.
Re2 Be4 49. c6 Rd3 50. c7 Rc3 51. c8=Q+ Rxc8 52. Bxc8 1-0

[Event "Mondiale Semilampo 2016"]
[Site "Doha QAT"]
[Date "2016.12.26"]
[Round "2.39"]
[White "Henriquez Villagra, Cristobal"]
[Black "Leko, Peter"]
[Result "1/2-1/2"]
[WhiteTitle "IM"]
[BlackTitle "GM"]
[WhiteElo "2517"]
[BlackElo "2693"]
[WhiteFideId "3409350"]
[BlackFideId "703303"]
[EventDate "2016.12.26"]

1. e4 e5 2. Nf3 Nc6 3. Bc4 Bc5 4. O-O Nf6 5. d3 O-O 6. c3 d6 7. a4 a6 8. h3 Ba7
9. Nbd2 Ne7 10. Bb3 Ng6 11. d4 b5 12. Bc2 c5 13. d5 c4 14. b3 cxb3 15. Nxb3 Qc7
16. axb5 axb5 17. Bg5 Qxc3 18. Bd3 Qc7 19. Rc1 Qb8 20. Qd2 Nh5 21. Na5 Bc5 22.
Nc6 Qb6 23. Rb1 Ba6 24. Be3 Bxe3 25. fxe3 Nf6 26. Kh2 Nd7 27. Rb4 Nc5 28. Rfb1
Qc7 29. Rc1 Bb7 30. Bxb5 Bxc6 31. Bxc6 Ra3 32. Rcb1 h6 33. Rc4 Qa7 34. Ne1 Rb8
35. Rxb8+ Qxb8 36. Rb4 Qa7 37. Nc2 Ra2 38. Qd1 Nf8 39. Qb1 Ra5 40. Be8 Qe7 41.
Bc6 g6 42. Na1 Ra3 43. Nb3 Rxb3 44. Rxb3 Nxb3 45. Qxb3 Kg7 46. Qb8 Nh7 47. Bb5
h5 48. Be2 Nf6 49. Bf3 Qd7 50. Qb4 g5 51. Qe1 Kg6 52. Qf1 Qa7 53. Qf2 Qd7 54.
Qf1 Qe7 55. g4 h4 56. Be2 Nd7 57. Bb5 Nc5 58. Qf5+ Kg7 59. Kg2 Qf6 60. Kf3 Qxf5+
61. exf5 Kf6 62. e4 Ke7 63. Ke3 f6 64. Bd3 Kd7 65. Bc2 Kc7 66. Kd2 Kb6 67. Kc3
Kb5 68. Bb1 Na4+ 69. Kb3 Nb6 70. Bc2 Kc5 71. Kc3 Nc4 72. Bd3 Nb6 73. Bf1 Nc4 74.
Be2 Nb6 75. Bd1 Nd7 76. Be2 Kb6 77. Kc4 Nc5 78. Bf3 Ka5 79. Bg2 Nd7 80. Bf3 Nb6+
81. Kb3 Na4 82. Bg2 Nc5+ 83. Kc4 Ka4 84. Bf3 Nd7 85. Bd1+ Ka5 86. Bf3 Nb6+ 87.
Kb3 Kb5 88. Bd1 Kc5 89. Kc3 Nxd5+ 90. exd5 Kxd5 91. Kd3 e4+ 92. Ke3 Ke5 93. Ba4
d5 94. Bc6 d4+ 95. Kf2 Kf4 96. Bb7 d3 97. Bc6 e3+ 98. Kg2 Ke5 99. Kf1 Kd4 100.
Ke1 Kc3 101. Kd1 Kd4 102. Ke1 Ke5 103. Bb5 Ke4 104. Bc4 Kd4 105. Bb5 Kc3 106.
Kd1 e2+ 107. Ke1 Kc2 108. Ba4+ Kc1 109. Bb3 Kb2 110. Ba4 Kc1 111. Bb3 1/2-1/2

[Event "Mondiale Semilampo 2016"]
[Site "Doha QAT"]
[Date "2016.12.26"]
[Round "2.40"]
[White "Mamedov, Rauf"]
[Black "Kayumov, Sergey"]
[Result "1-0"]
[WhiteTitle "GM"]
[BlackTitle "GM"]
[WhiteElo "2688"]
[BlackElo "2505"]
[WhiteFideId "13401653"]
[BlackFideId "14200880"]
[EventDate "2016.12.26"]

1. e4 Nf6 2. e5 Nd5 3. d4 d6 4. Nf3 dxe5 5. Nxe5 c6 6. Bd3 Nd7 7. Nf3 g6 8. O-O
Bg7 9. Re1 O-O 10. c4 N5f6 11. Nc3 Re8 12. h3 Qc7 13. Bg5 e5 14. d5 h6 15. Bh4
Nh5 16. Bc2 Bf8 17. Nd2 Nb6 18. Nde4 f5 19. d6 Qf7 20. c5 fxe4 21. cxb6 g5 22.
Nxe4 Kh8 23. Bxg5 Bf5 24. Be3 axb6 25. Qf3 Bg6 26. Qxf7 Bxf7 27. Bxb6 Be6 28.
Rad1 Bd7 29. Nc5 Nf6 30. Bg6 Red8 31. Rxe5 Nd5 32. Bxd8 Rxd8 33. Nxb7 Ra8 34.
Nc5 Rd8 35. Nxd7 Rxd7 36. Be8 Rxd6 37. Bxc6 1-0

[Event "Mondiale Semilampo 2016"]
[Site "Doha QAT"]
[Date "2016.12.26"]
[Round "2.41"]
[White "Lu, Shanglei"]
[Black "Shytaj, Luca"]
[Result "1-0"]
[WhiteTitle "GM"]
[BlackTitle "IM"]
[WhiteElo "2627"]
[BlackElo "2435"]
[WhiteFideId "8603332"]
[BlackFideId "812633"]
[EventDate "2016.12.26"]

1. e4 Nf6 2. Nc3 d5 3. e5 d4 4. exf6 dxc3 5. fxg7 cxd2+ 6. Qxd2 Qxd2+ 7. Bxd2
Bxg7 8. O-O-O Bf5 9. Ne2 Nc6 10. Ng3 Bd7 11. Nh5 Bd4 12. f3 O-O-O 13. Bc4 Ne5
14. Bb3 Bb5 15. Rhe1 Rd7 16. Bh6 Nc4 17. Rxd4 Rxd4 18. Bg7 Rh4 19. Bxh8 Rxh5 20.
h3 e6 21. a4 Ba6 22. Re4 Nd6 23. Rg4 Kd7 24. Kd2 b6 25. c3 Bb7 26. Bc2 Rd5+ 27.
Kc1 h5 28. Rg8 a5 29. Bf6 Ba6 30. Rd8+ Kc6 31. b3 Bd3 32. c4 Rf5 33. Bxd3 Rxf6
34. Rh8 Kc5 35. Rxh5+ Kd4 36. Kd2 Nb7 37. Rh4+ Ke5 38. Ke3 Nc5 39. Bc2 Kd6 40.
g4 e5 41. g5 Re6 42. Rh7 Re7 43. h4 Ne6 44. Rh6 Kc5 45. Rf6 Nd4 46. Bd1 Kb4 47.
h5 Ne6 48. g6 fxg6 49. hxg6 Nf4 50. Bc2 Kc3 51. Rf7 Re8 52. g7 Ne6 53. Bf5 Nxg7
54. Rxg7 Kxb3 55. Rxc7 1-0

[Event "Mondiale Semilampo 2016"]
[Site "Doha QAT"]
[Date "2016.12.26"]
[Round "2.42"]
[White "Tissir, Mohamed"]
[Black "Flores, Diego"]
[Result "0-1"]
[WhiteTitle "IM"]
[BlackTitle "GM"]
[WhiteElo "2376"]
[BlackElo "2579"]
[WhiteFideId "9000240"]
[BlackFideId "108049"]
[EventDate "2016.12.26"]

1. e4 c5 2. Nc3 e6 3. Nf3 a6 4. d4 cxd4 5. Nxd4 b5 6. Bd3 Qb6 7. Nb3 Qc7 8. O-O
d6 9. f4 Nd7 10. Qe2 Ngf6 11. Bd2 Bb7 12. Rae1 h5 13. a3 Be7 14. Kh1 h4 15. Nd4
Rc8 16. Nf3 h3 17. gxh3 Qb8 18. Qg2 Qa8 19. Ng5 d5 20. exd5 Rxc3 21. Bxc3 Bxd5
22. Nf3 g6 23. b4 Rh4 24. Bd2 Bd6 25. f5 gxf5 26. Bxf5 Ne5 27. Rxe5 Bxe5 28. Bg5
Rh8 29. Bd3 Nd7 30. h4 Bd6 31. Qf2 f6 32. Be3 Ke7 33. Be2 Ne5 34. Bc5 Rc8 35.
Bxd6+ Kxd6 36. Kg1 Rg8+ 37. Kh1 Qc6 38. h5 Qxc2 39. Qe3 Ng4 40. Qb6+ Qc6 41. Qd4
Ne5 42. Qe3 Ke7 43. h6 Ng4 44. Qa7+ Qd7 45. Qc5+ Kf7 46. h7 Rh8 47. Rd1 Rxh7 48.
Kg1 Rg7 49. Kf1 Qb7 50. Rd3 Bxf3 51. Bxf3 Nxh2+ 52. Kf2 Nxf3 53. Qh5+ Ke7 54.
Qc5+ Ke8 55. Qh5+ Qf7 56. Qxf3 Qa7+ 57. Ke2 Rg5 58. Qc6+ Ke7 59. Qh1 Kf7 60.
Qh7+ Rg7 61. Qh5+ Ke7 62. Qh1 Qc7 63. Qa8 Qc2+ 64. Rd2 Qc4+ 65. Kf2 Qh4+ 66. Ke2
Qg4+ 67. Kd3 Qc4+ 68. Ke3 Rg3+ 69. Kf2 Qf4+ 70. Ke2 Qg4+ 71. Kf2 Qf4+ 72. Ke2
Re3+ 73. Kd1 Qf3+ 0-1

[Event "Mondiale Semilampo 2016"]
[Site "Doha QAT"]
[Date "2016.12.26"]
[Round "2.43"]
[White "Jumabayev, Rinat"]
[Black "Quintiliano Pinto, Renato R."]
[Result "1/2-1/2"]
[WhiteTitle "GM"]
[BlackTitle "IM"]
[WhiteElo "2611"]
[BlackElo "2484"]
[WhiteFideId "13702661"]
[BlackFideId "2117568"]
[EventDate "2016.12.26"]

1. d4 d5 2. c4 e6 3. Nf3 c6 4. g3 Nf6 5. Bg2 Nbd7 6. O-O dxc4 7. a4 a5 8. Qc2 b5
9. Rd1 Bb7 10. Ne5 Qc8 11. Nc3 Be7 12. Bg5 O-O 13. Bf3 Rb8 14. e4 b4 15. Ne2 Nb6
16. Nxc4 Nxc4 17. Qxc4 c5 18. Bf4 Ba6 19. Qc1 Rb6 20. d5 exd5 21. exd5 Bd6 22.
Bxd6 Rxd6 23. Nf4 c4 24. Qe3 Re8 25. Qd4 g5 26. Nh5 Nxh5 27. Bxh5 Bb7 28. Bg4
Qd8 29. Bf3 Qf6 30. Kg2 Qxd4 31. Rxd4 Rc8 32. Rc1 f5 33. h3 c3 34. bxc3 bxc3 35.
Rd3 c2 36. Rd2 Kg7 37. Rdxc2 Rxc2 38. Rxc2 Bxd5 39. Rc5 Bxf3+ 40. Kxf3 Kg6 41.
Rxa5 Rd3+ 42. Ke2 Ra3 43. Ra6+ Kh5 44. a5 h6 45. Kf1 Ra2 46. Kg2 g4 47. h4 Ra1
48. Ra8 Ra4 49. a6 f4 50. gxf4 Rxf4 51. Rb8 Ra4 52. Rb6 Ra3 53. Rf6 Kxh4 54.
Rxh6+ Kg5 55. Rb6 Kf4 56. Rc6 Ra1 57. Rf6+ Kg5 58. Rb6 Kf4 59. Rc6 Kg5 60. Re6
Kf4 61. Kh2 Ra2 62. Kg1 Ra1+ 63. Kg2 Kf5 64. Rb6 Kf4 65. Rc6 Kg5 66. Rd6 Kf4 67.
Rb6 Kg5 68. Kg3 Rg1+ 69. Kh2 Ra1 70. Kg2 Kf4 71. Rh6 Kg5 72. Rd6 Kf4 73. Rb6 Kg5
74. f3 gxf3+ 75. Kxf3 Kf5 76. Ke3 Ke5 77. Kd3 Kd5 78. Kc3 Kc5 79. Rh6 1/2-1/2

[Event "Mondiale Semilampo 2016"]
[Site "Doha QAT"]
[Date "2016.12.26"]
[Round "2.44"]
[White "Gashimov, Sarkhan"]
[Black "Perez Ponsa, Federico"]
[Result "0-1"]
[BlackTitle "GM"]
[WhiteElo "2351"]
[BlackElo "2585"]
[WhiteFideId "13400657"]
[BlackFideId "117927"]
[EventDate "2016.12.26"]

1. Nf3 Nf6 2. b3 g6 3. Bb2 Bg7 4. g3 O-O 5. Bg2 d6 6. d4 e5 7. dxe5 Nfd7 8. O-O
dxe5 9. Nfd2 f5 10. Nc4 e4 11. Qd5+ Kh8 12. Bxg7+ Kxg7 13. Nc3 Qf6 14. Qd2 c6
15. Rad1 Ne5 16. Nxe5 Qxe5 17. Qe3 Re8 18. Rd4 Be6 19. f3 c5 20. Rd2 Nc6 21.
fxe4 Rad8 22. Nb1 fxe4 23. Rxd8 Nxd8 24. Qc3 Bf5 25. e3 Nc6 26. a3 Rd8 27. h3 h5
28. Qxe5+ Nxe5 29. Nc3 Nf3+ 30. Bxf3 exf3 31. e4 Bxh3 32. Rxf3 Be6 33. Kf2 Rd2+
34. Ke3 Rxc2 35. Kf4 Bxb3 36. Ke5 Rd2 37. Nb1 Rb2 38. Nc3 Bg8 39. Kd6 b6 40. e5
Rd2+ 41. Ke7 c4 42. Rf4 Rd3 43. Ne4 Rd5 44. e6 Re5 0-1

[Event "Mondiale Semilampo 2016"]
[Site "Doha QAT"]
[Date "2016.12.26"]
[Round "2.45"]
[White "Mchedlishvili, Mikheil"]
[Black "Hirneise, Jens"]
[Result "1-0"]
[WhiteTitle "GM"]
[BlackTitle "FM"]
[WhiteElo "2601"]
[BlackElo "2315"]
[WhiteFideId "13600966"]
[BlackFideId "24614734"]
[EventDate "2016.12.26"]

1. d4 Nf6 2. c4 g6 3. g3 Bg7 4. Bg2 O-O 5. Nc3 d6 6. Nf3 Nc6 7. O-O a6 8. Qd3
Bd7 9. d5 Nb4 10. Qd1 a5 11. e4 e5 12. Ne1 c6 13. dxc6 Bxc6 14. Nc2 Nxc2 15.
Qxc2 Nd7 16. Rd1 Nc5 17. Be3 Ne6 18. Qd3 Nd4 19. Bxd4 exd4 20. Ne2 Qb6 21. Rab1
f5 22. exf5 Rxf5 23. Nxd4 Rf6 24. Rd2 Raf8 25. Rf1 Bh6 26. Re2 Rc8 27. b3 Bg7
28. Ne6 Bxg2 29. Kxg2 a4 30. Nf4 Rf7 31. Nd5 Qd8 32. Rfe1 Bf8 33. h4 axb3 34.
axb3 Qd7 35. Re6 Kh8 36. R1e2 b5 37. cxb5 Qb7 38. Kh2 Rf5 39. Qd4+ Qg7 40. Qe4
Qb7 41. Qd4+ Qg7 42. Qd3 Qb7 43. Ne7 Bxe7 44. Qd4+ Bf6 45. Rxf6 Rxf6 46. Qxf6+
Kg8 47. Qe6+ Kh8 48. Qxd6 Qg7 49. b6 1-0

[Event "Mondiale Semilampo 2016"]
[Site "Doha QAT"]
[Date "2016.12.26"]
[Round "2.46"]
[White "Christiansen, Johan-Sebastian"]
[Black "Agdestein, Simen"]
[Result "1/2-1/2"]
[WhiteTitle "IM"]
[BlackTitle "GM"]
[WhiteElo "2429"]
[BlackElo "2602"]
[WhiteFideId "1512668"]
[BlackFideId "1500015"]
[EventDate "2016.12.26"]

1. Nf3 d5 2. c4 e6 3. g3 g6 4. Bg2 Bg7 5. O-O Nc6 6. d4 Nge7 7. e3 O-O 8. Qe2 b6
9. Nbd2 Ba6 10. b3 Na5 11. Ba3 c5 12. Rac1 Qc7 13. Rfd1 Rac8 14. Qe1 dxc4 15.
bxc4 Rfd8 16. Bh3 Rb8 17. dxc5 bxc5 18. Ne4 Rxd1 19. Qxd1 Rd8 20. Qa4 Bb7 21.
Nxc5 Bxf3 22. Na6 Qd7 23. Qxa5 Nc6 24. Qa4 Qd2 25. Bg2 Ne5 26. Bxf3 Nxf3+ 27.
Kg2 Ne1+ 28. Rxe1 Qxe1 29. Be7 Qd1 30. Qb5 Rc8 31. Qb7 Re8 32. c5 Be5 33. Bd6
Bxd6 34. Qd7 Qd5+ 35. Kg1 Qd1+ 36. Kg2 Qd5+ 37. Kg1 Bxc5 38. Qxe8+ Bf8 39. Qa4
h5 40. h4 Qd2 41. Nb8 Qc1+ 42. Kg2 Qc7 43. Nc6 Qb7 44. Kg1 a6 45. Nd4 Bc5 46.
Nb3 Be7 47. Qc4 Kg7 48. Nd4 Bf6 49. Nb3 Qb5 50. Qxb5 axb5 51. Kf1 Kf8 52. Ke2
Ke7 53. Kd3 Kd6 54. e4 Bb2 55. Kc2 Ba3 56. Kd3 e5 57. Kc3 f5 58. Kd3 Bb4 59. Ke3
Ke6 60. Kf3 Bd6 61. Ke3 Bf8 62. Kd3 Kd6 63. Ke3 Be7 64. Kf3 Kc6 65. Ke3 b4 66.
Kd3 Kb5 67. Nd2 Bc5 68. Nf3 Bxf2 69. Nxe5 Bxg3 70. Nxg6 fxe4+ 71. Kxe4 Ka4 72.
Ne7 Bxh4 73. Nc6 Be1 74. Nxb4 Kxb4 75. Kf3 h4 76. Kg2 1/2-1/2

[Event "Mondiale Semilampo 2016"]
[Site "Doha QAT"]
[Date "2016.12.26"]
[Round "2.47"]
[White "Bindrich, Falko"]
[Black "Firouzja, Alireza"]
[Result "1/2-1/2"]
[WhiteTitle "GM"]
[BlackTitle "IM"]
[WhiteElo "2590"]
[BlackElo "2456"]
[WhiteFideId "4676670"]
[BlackFideId "12573981"]
[EventDate "2016.12.26"]

1. d4 Nf6 2. c4 g6 3. Nc3 Bg7 4. e4 d6 5. h3 Nbd7 6. Bg5 h6 7. Be3 e5 8. d5 Nc5
9. Bd3 c6 10. Bc2 cxd5 11. cxd5 a5 12. Nge2 Rb8 13. a3 b5 14. b4 Na6 15. Rb1 O-O
16. Qd2 Kh7 17. Bd3 Bd7 18. O-O axb4 19. axb4 Ne8 20. f4 exf4 21. Nxf4 Nf6 22.
Kh1 Nc7 23. Bd4 Nh5 24. Nxh5 Bxd4 25. Nf4 Be5 26. Nce2 Na8 27. Ng1 Qg5 28. Qf2
Nb6 29. Nfe2 Qe7 30. Nf3 Bg7 31. Ned4 Rfc8 32. Rbc1 Nc4 33. Qe2 Re8 34. Nc6 Bxc6
35. dxc6 d5 36. exd5 Qxe2 37. Bxe2 Rxe2 38. c7 Rc8 39. Rxc4 bxc4 40. d6 Bf6 41.
Nd4 Bxd4 42. d7 Ree8 43. Rxf7+ Kg8 44. Rf4 Bb6 45. dxe8=Q+ Rxe8 46. Rxc4 Rc8 47.
Rc6 Bxc7 48. b5 Rb8 1/2-1/2

[Event "Mondiale Semilampo 2016"]
[Site "Doha QAT"]
[Date "2016.12.26"]
[Round "2.48"]
[White "Zhang, Zhong"]
[Black "Saeed, Ishaq"]
[Result "0-1"]
[WhiteTitle "GM"]
[BlackTitle "FM"]
[WhiteElo "2645"]
[BlackElo "2312"]
[WhiteFideId "8600694"]
[BlackFideId "9301453"]
[EventDate "2016.12.26"]

1. e4 e5 2. Nf3 Nc6 3. Bb5 a6 4. Ba4 Nf6 5. d3 d6 6. c3 Be7 7. O-O O-O 8. Re1 b5
9. Bb3 Bb7 10. Nbd2 Na5 11. Bc2 c5 12. Nf1 Re8 13. Ng3 Bf8 14. Nf5 h6 15. h3 d5
16. Qe2 dxe4 17. dxe4 Nc4 18. Nh2 Re6 19. a4 Bc6 20. Ng4 Nxg4 21. Qxg4 Rg6 22.
Qf3 Nd6 23. Ng3 Qe8 24. Be3 Nc4 25. Bc1 bxa4 26. Qe2 Bb5 27. Bxa4 Bxa4 28. Qxc4
Bb5 29. Qb3 Qe6 30. Qxe6 fxe6 31. Nh5 Bd3 32. g4 Rb8 33. Kg2 Be7 34. Ra5 Rb6 35.
Kg3 Kf7 36. h4 Ke8 37. f3 Rc6 38. Be3 Bb5 39. Rd1 Be2 40. Rd2 Bxh4+ 41. Kxh4
Bxf3 42. g5 Bxe4 43. Rxc5 Rxc5 44. Bxc5 Rxg5 45. Be3 Rg6 46. Ng3 Bf3 47. Rd6
Rg4+ 48. Kh3 Ke7 49. Bc5 Rc4 50. Ba3 Kf6 51. Rxa6 g5 52. Kh2 Rh4+ 53. Kg1 Rh3
54. Kf2 e4 55. Bc5 Rh2+ 56. Ke3 Rxb2 57. Bd4+ Kf7 58. Ra7+ Ke8 59. Nxe4 Bxe4 60.
Kxe4 Re2+ 61. Kf3 Rh2 62. Kg3 Rh1 63. Kg4 Rh4+ 0-1

[Event "Mondiale Semilampo 2016"]
[Site "Doha QAT"]
[Date "2016.12.26"]
[Round "2.49"]
[White "Xu, Yi"]
[Black "Mareco, Sandro"]
[Result "1/2-1/2"]
[WhiteTitle "IM"]
[BlackTitle "GM"]
[WhiteElo "2430"]
[BlackElo "2635"]
[WhiteFideId "8605564"]
[BlackFideId "112275"]
[EventDate "2016.12.26"]

1. e4 c5 2. Nf3 e6 3. d4 cxd4 4. Nxd4 a6 5. c4 Nf6 6. Nc3 Qc7 7. a3 b6 8. Be3
Bb7 9. f3 d6 10. Rc1 Be7 11. b4 O-O 12. Be2 Nbd7 13. O-O Rac8 14. Qd2 Qb8 15.
Nb3 Bd8 16. Kh1 Bc7 17. Rc2 Rfe8 18. Bg1 h5 19. Rb1 Qa8 20. Qg5 Bd8 21. Qd2 Bc7
22. Na4 h4 23. c5 dxc5 24. bxc5 b5 25. Nb6 Bxb6 26. cxb6 Rxc2 27. Qxc2 h3 28.
Na5 Rc8 29. Qd1 Ne5 30. Nxb7 Qxb7 31. Rc1 Nc4 32. Bxc4 bxc4 33. Qa4 Nxe4 34.
Rxc4 Nd6 35. Rxc8+ Nxc8 36. Qc4 Nd6 37. Qc5 Nf5 38. Bf2 f6 39. Qc4 Kf7 40. Qd3
hxg2+ 41. Kxg2 Ne7 42. Qe4 Nd5 43. a4 Qc6 44. a5 Qb5 45. h4 Qxa5 46. Qb1 Nf4+
47. Kg3 Nh5+ 48. Kg2 Nf4+ 49. Kg3 Nh5+ 50. Kg2 Nf4+ 51. Kg3 Nh5+ 52. Kg2 Nf4+
53. Kf1 1/2-1/2